Statistics for New York Rangers National Hockey League Award Winners

Click here to take the quiz!

General Stats

  • This quiz has been taken 317 times
  • The average score is 14 of 51

Answer Stats

HintAnswer% Correct
Lester B. Pearson AwardMark Messier
93%
Hart TrophyMark Messier
93%
Calder TrophyPentti Lund
83%
Calder TrophyBrian Leetch
78%
Conn Smythe TrophyBrian Leetch
78%
Norris TrophyBrian Leetch
78%
Norris TrophyBrian Leetch
78%
Vezina TrophyHenrik Lundqvist
74%
Lady Byng TrophyWayne Gretzky
58%
Lester B. Pearson AwardJaromir Jagr
52%
King Clancy TrophyAdam Graves
48%
Masterton TrophyAdam Graves
48%
Masterton TrophyRod Gilbert
43%
Patrick TrophyRod Gilbert
43%
Vezina TrophyJohn Vanbiesbrouck
38%
Vezina TrophyEd Giacomin
34%
Patrick TrophyPhil Esposito
31%
Masterton TrophyJean Ratelle
30%
Lester B. Pearson AwardJean Ratelle
30%
Lady Byng TrophyJean Ratelle
30%
Hart TrophyAndy Bathgate
28%
Norris TrophyHarry Howell
25%
Art Ross TrophyBill Cook
14%
Art Ross TrophyBill Cook
14%
Patrick TrophyJohn Davidson
13%
Calder TrophySteve Vickers
12%
Calder TrophyLorne Worsley
11%
Lady Byng TrophyClint Smith
10%
Lady Byng TrophyFrank Boucher
9%
Lady Byng TrophyFrank Boucher
9%
Lady Byng TrophyFrank Boucher
9%
Lady Byng TrophyFrank Boucher
9%
Lady Byng TrophyFrank Boucher
9%
Lady Byng TrophyFrank Boucher
9%
Lady Byng TrophyFrank Boucher
9%
Masterton TrophyAnders Hedberg
7%
Art Ross TrophyBryan Hextall
7%
Norris TrophyDoug Harvey
7%
Vezina TrophyGilles Villemure
7%
Hart TrophyChuck Rayner
6%
Vezina TrophyDave Kerr
5%
Lady Byng TrophyCamille Henry
4%
Calder TrophyCamille Henry
4%
Lady Byng TrophyBuddy O'Connor
3%
Hart TrophyBuddy O'Connor
3%
Calder TrophyEdgar Laprade
3%
Calder TrophyKilby MacDonald
3%
Patrick TrophyFred Shero
2%
Calder TrophyGrant Warwick
2%
Patrick TrophyWilliam Jennings
2%
Lady Byng TrophyEdgar Laprade
1%

Score Distribution

Percentile by Number Answered

Percent of People with Each Score

Your Score History

You have not taken this quiz